| 000 | 00672nam a2200193 i 4500 | ||
|---|---|---|---|
| 001 | 131094 | ||
| 003 | ES-MaACL | ||
| 005 | 20250815005146.0 | ||
| 007 | t| | ||
| 008 | 070214s1915 xxk r ||||1| eng d | ||
| 100 | 1 |
_aRobertson, C. Grant. _997848 |
|
| 245 | 1 | 0 |
_aAn historical atlas of modern Europe from 1789 to 1914 _b: with an historical and explanatory text / _cby C. Grant Robertson and J. G. Bartholomew. |
| 260 |
_aOxford : _bOxford University Press, _c1915. |
||
| 300 |
_a24 p. ; _c36 x 28 cm + _e36 map. |
||
| 650 | 0 | 4 |
_aHistoria moderna- _vAtlas _913421 |
| 700 | 1 |
_aBartholomew, John George. _926131 |
|
| 852 |
_aES-MaACL _jB-2079 |
||
| 999 |
_c131094 _d131094 |
||